000 00569nam a22001817a 4500
005 20251108172856.0
008 250721s2004 xx 000 0 ara d
082 1 4 _a922.18/ ندو
100 1 _aالندوي، محمد الرابع الحسني
245 1 0 _aرسائل الأعلام إلى العلامة أبي الحسن الندوي /
264 1 _aدمشق :
_bدار ابن كثير،
_c2004.
300 _a224ص
650 1 7 _aالتراجم
650 1 7 _aالفقهاء
650 1 7 _aالتصوف الإسلامي
942 _2ddc
_cBK
999 _c90667
_d90667